Cattle husbandry (Record no. 21180)

MARC details
000 -LEADER
fixed length control field 00493 a2200217 4500
130 ## - VEDETTE PRINCIPALE - TITRE UNIFORME
Language of a work En
260 ## - PUBLICATION, DISTRIBUTION, ETC. (IMPRINT)
Place of publication, distribution, etc Lusaka
260 ## - PUBLICATION, DISTRIBUTION, ETC. (IMPRINT)
Name of publisher, distributor, etc Ministry of Agriculture and Water Development
245 ## - TITLE STATEMENT
Title Cattle husbandry
260 ## - PUBLICATION, DISTRIBUTION, ETC. (IMPRINT)
Date of publication, distribution, etc 1983
300 ## - PHYSICAL DESCRIPTION
Extent 37p.
300 ## - PHYSICAL DESCRIPTION
Other physical details ill.
650 ## - SUBJECT ADDED ENTRY--TOPICAL TERM
Topical term or geographic name as entry element BETAIL
650 ## - SUBJECT ADDED ENTRY--TOPICAL TERM
Topical term or geographic name as entry element ELEVAGE
650 ## - SUBJECT ADDED ENTRY--TOPICAL TERM
Topical term or geographic name as entry element AGRICULTURE
650 ## - SUBJECT ADDED ENTRY--TOPICAL TERM
Topical term or geographic name as entry element CONSERVATION DE L'EAU
651 ## - SUBJECT ADDED ENTRY--GEOGRAPHIC NAME
Geographic name Zambie
710 ## - ADDED ENTRY--CORPORATE NAME
Corporate name or jurisdiction name as entry element Ministry of Agriculture and Water Development
Holdings
Withdrawn status Lost status Damaged status Not for loan Location (home branch) Sublocation or collection (holding branch) Date acquired Koha issues (times borrowed) Koha full call number Koha date last seen Copy number Price effective from Koha item type Public note
        Bibliothèque-Centre de Documentation de la Faculté des Sciences Agronomiques Bibliothèque-Centre de Documentation de la Faculté des Sciences Agronomiques     124.ESR.11 27/02/2009 1 27/02/2009 Livre A.3561


© 2008, Bibliothèques de l'Université d'Abomey-Calavi

04 BP 789 Cotonou, Tél. : +229 21 36 01 01, Fax : +229 21 35 06 32

Courriel : bu@bu.uac.bj